| 000 | 00755nam a2200241Ia 4500 | ||
|---|---|---|---|
| 003 | GCL | ||
| 005 | 20240530105403.0 | ||
| 008 | 140319s9999 xx 000 0 ara d | ||
| 040 |
_aGCL / _cGCL |
||
| 082 | 0 | 4 |
_a371.7 _bس خ |
| 100 | 0 | _aسعد مسفر القعيب | |
| 245 | 1 | 0 |
_aالخدمة الاجتماعية والمدرسة : _bمنهج وتطبيق / _cسعد مسفر القعيب |
| 260 |
_a[S.N] : _bدار المريخ للنشر ، _c1986 |
||
| 300 | _a445 ص | ||
| 650 | 0 | 4 | _aالتربية |
| 650 | 0 | 4 | _aالمدرسة |
| 650 | 0 | 4 | _aالاطفال |
| 650 | 0 | 4 | _aالخدمة الاجتماعية |
| 650 | 0 | 4 | _aالسعودية |
| 650 | 0 | 4 | _aالرعاية |
| 650 | 0 | 4 | _aالدراسات الاجتماعية |
| 942 |
_2ddc _cBK |
||
| 999 |
_c55548 _d55548 |
||